00366nam a2200133Ia 4500008004100000041000800041082001600049100002200065245004500087250001400132260004400146300003100190365001100221240624s9999 xx 000 0 und d aeng a658.421 ZIM aZIMMERER THOMAS W aESSENTIALS OF ENTREPRENEURSHIP AND SMALL a(5th ed.) c2009aNew DelhibPrentice-Hall of India axvi, : 728 : p. : cm. ; 28 cRSb30